Plant design and economics for chemical engineers (Record no. 26086)

000 -LEADER
fixed length control field 00574nam a22002057a 4500
001 - CONTROL NUMBER
control field 26086
003 - CONTROL NUMBER IDENTIFIER
control field BD-DhUET
008 - FIXED-LENGTH DATA ELEMENTS--GENERAL INFORMATION
fixed length control field 150518b xxu||||| |||| 00| 0 eng d
040 ## - CATALOGING SOURCE
Original cataloging agency DLC
Transcribing agency DLC
Modifying agency BD-DhUET
082 ## - DEWEY DECIMAL CLASSIFICATION NUMBER
Classification number 660.28
Item number PET/1968
100 ## - MAIN ENTRY--PERSONAL NAME
Personal name Peters, Max S.
245 ## - TITLE STATEMENT
Title Plant design and economics for chemical engineers
250 ## - EDITION STATEMENT
Edition statement 2nd ed.
260 ## - PUBLICATION, DISTRIBUTION, ETC. (IMPRINT)
Place of publication, distribution, etc. Tokyo
Name of publisher, distributor, etc. McGraw-Hill Kogakusha
Date of publication, distribution, etc. 1968
300 ## - PHYSICAL DESCRIPTION
Extent 850p.
Other physical details ill.
490 ## - SERIES STATEMENT
Series statement McGraw-Hill chemical engineering series
650 #0 - SUBJECT ADDED ENTRY--TOPICAL TERM
Topical term or geographic name as entry element Design : Chemical engineering
700 ## - ADDED ENTRY--PERSONAL NAME
Personal name Timmerhaus, Klaus D.
942 ## - ADDED ENTRY ELEMENTS (KOHA)
Koha item type General Book
Holdings
Shelving location Lost status Koha item type Price effective from Date acquired Not for loan Location (home branch) Damaged status Koha normalized classification for sorting Koha date last seen Piece designation (barcode) Withdrawn status Copy number Sublocation or collection (holding branch) Koha full call number Source of classification or shelving scheme
Circulation section General Book2015-05-182015-05-18 Central Library, BUET 660_280000000000000_PET_19682015-05-1817893 1Central Library, BUET660.28/PET/1968 
Circulation section General Book2015-05-182015-05-18 Central Library, BUET 660_280000000000000_PET_19682015-05-1854701 2Central Library, BUET660.28/PET/1968 
Circulation section General Book2015-05-232015-05-23 Central Library, BUET 660_280000000000000_PET_19682015-05-2332144 3Central Library, BUET660.28/PET/1968 
Reading section Reading Item2015-06-182015-06-18 Central Library, BUET 660_280000000000000_PET_19682015-06-1832147 4Central Library, BUET660.28/PET/1968 
Reading section Reading Item2015-06-202015-06-20 Central Library, BUET 660_280000000000000_PET_19682015-06-2015597 5Central Library, BUET660.28/PET/1968 
Reading section Reading Item2015-06-202015-06-20 Central Library, BUET 660_280000000000000_PET_19682015-06-2017895 6Central Library, BUET660.28/PET/1968 
Reading section Reading Item2015-06-202015-06-20 Central Library, BUET 660_280000000000000_PET_19682015-06-2032145 7Central Library, BUET660.28/PET/1968 
Reading section Reading Item2015-06-282015-06-28 Central Library, BUET 660_280000000000000_PET_19682015-06-2824428 8Central Library, BUET660.28/PET/1968 
Reading section Reading Item2015-06-282015-06-28 Central Library, BUET 660_280000000000000_PET_19682015-06-2832146 9Central Library, BUET660.28/PET/1968 
Reading section Reading Item2015-06-282015-06-28 Central Library, BUET 660_280000000000000_PET_19682015-06-2824430 10Central Library, BUET660.28/PET/1968 
Reading section Reading Item2015-06-292015-06-29 Central Library, BUET 660_280000000000000_PET_19682015-06-2916642 11Central Library, BUET660.28/PET/1968